| 000 | 00691cam a22002294a 4500 | ||
|---|---|---|---|
| 008 | |||
| 020 | _a1861563264 (pbk.) | ||
| 049 | _aMAIN | ||
| 090 |
_aRC489.C63 _bNEE |
||
| 100 | 1 | _aNeenan, Michael. | |
| 245 | 1 | 0 |
_aCognitive behaviour therapy : _ban A-Z of persuasive arguments / _cMichael Neenan and Windy Dryden. |
| 260 |
_aLondon : _bWhurr, _c2002. |
||
| 300 |
_avii, 168 p. ; _c24 cm. |
||
| 504 | _aIncludes bibliographical references. | ||
| 650 | 1 | 2 | _aCognitive Therapy. |
| 700 | 1 | _aDryden, Windy. | |
| 907 |
_a.b10288132 _b23-07-12 _c25-11-10 |
||
| 003 | |||
| 005 | 20230120204037.0 | ||
| 040 | _cNUST | ||
| 942 |
_cBOOKS _kRC489.C63 _mNEE |
||
| 999 |
_c116098 _d116098 |
||